Doon de Maience (Record no. 153554)

MARC details
000 -LEADER
campo de control de longitud fija 00939nam a2200229 i 4500
001 - NÚMERO DE CONTROL
campo de control 153554
003 - IDENTIFICADOR DE NÚMERO DE CONTROL
campo de control ES-MaACL
005 - FECHA Y HORA DE LA ÚLTIMA TRANSACCIÓN
campo de control 20230906205259.0
008 - DATOS DE LONGITUD FIJA--INFORMACIÓN GENERAL
campo de control de longitud fija 041028s1859 fr |||| | fre d
040 ## - FUENTE DE CATALOGACIÓN
Centro catalogador/agencia de origen CAM
Lengua de catalogación spa
Centro/agencia transcriptor CAM
130 0# - ENTRADA PRINCIPAL--TÍTULO UNIFORME
Título uniforme Doon de Mayence.
9 (RLIN) 135278
245 10 - MENCIÓN DEL TÍTULO
Título Doon de Maience
Resto del título : chanson de geste /
Mención de responsabilidad, etc. publiée pour la première fois d'après les manuscrits de Montpellier et de Paris par A. Pey.
260 ## - PUBLICACIÓN, DISTRIBUCIÓN, ETC.
Lugar de publicación, distribución, etc. Paris :
Nombre del editor, distribuidor, etc. chez F. Vieweg, libraire-éditeur,
Fecha de publicación, distribución, etc. 1859 (
Fabricante Imprimé par Charles Jouaust)
300 ## - DESCRIPCIÓN FÍSICA
Extensión LV, 368 p. ;
Dimensiones 16 cm.
490 1# - MENCIÓN DE SERIE
Mención de serie Les anciens poetes de la France / sous la direction de F. Guessard ;
Designación de volumen o secuencia 2
597 ## - NOTA DE DESCRIPCIÓN FÍSICA
NOTA DE DESCRIPCIÓN FÍSICA Hay otra port. para la serie.
650 04 - PUNTO DE ACCESO ADICIONAL DE MATERIA--TÉRMINO DE MATERIA
Término de materia o nombre geográfico como elemento de entrada Cantares de gesta-
Subdivisión geográfica Francia.
9 (RLIN) 10749
700 1# - ENTRADA AGREGADA--NOMBRE PERSONAL
Nombre de persona Pey, Alexandre.
9 (RLIN) 131079
830 0# - PUNTO DE ACCESO ADICIONAL DE SERIE-TÍTULO UNIFORME
Título uniforme Les anciens poetes de la France / sous la direction de F. Guessard ;
Designación de volumen o secuencia 2
9 (RLIN) 187639
852 ## - LOCALIZACIÓN
Ubicación ES-MaACL
Número de control de estantería G-13727
Nota libre -- Sin enc.
Holdings
Estatus retirado Estado de pérdida Estado de daño No para préstamo Colección Biblioteca de origen Biblioteca actual Ubicación en estantería Fecha de adquisición Fuente de adquisición Total de préstamos Signatura topográfica completa Código de barras Visto por última vez Precio de reemplazo Tipo de ítem Koha
        Libros del s. XIX Biblioteca del Ateneo de Madrid Biblioteca del Ateneo de Madrid Sala Pecera Planta 3 17/01/2008     G-13727 1160520 23/02/2023 23/02/2023 Libro impreso antiguo